| 000 | 01275nam a22003017a 4500 | ||
|---|---|---|---|
| 001 | 9741 | ||
| 003 | FISKH | ||
| 005 | 20260204105518.0 | ||
| 008 | 260204b cb ||||| |||| 00| 0 eng d | ||
| 020 | _a9780545291569 | ||
| 040 |
_aFISKH _beng _cFISKH _dFISKH |
||
| 050 | _aPZ7 .A6485 | ||
| 082 | _a813.54 | ||
| 100 |
_aApplegate , K. A . _eAuthor |
||
| 245 |
_aThe message / _cBy K . A. Applegate |
||
| 250 | _aThis edition first printing , September 2011 | ||
| 260 |
_aNew York : _bScholastic , _c1996 . |
||
| 300 |
_a154 pages : _billustrations ; _c19 cm . |
||
| 490 |
_aAnimorphs _v4 |
||
| 505 | _aN | ||
| 520 | _aIt all started with the dreams. But Cassie didn't pay much attention to them. She and her friends have been having nightmares ever since they acquired the power to morph. But when Cassie discovers that Tobias has been having dreams too -- the exact same dreams -- about the ocean, and a voice that's calling to them for help, she decides it's time to start listening. Now she and the others have to figure out if the dreams are a message, or a trap. | ||
| 521 | 8 |
_a560
_bLexile |
|
| 521 | 8 |
_aN
_bRaz-Plus |
|
| 650 |
_aShapeshifting _vFiction |
||
| 650 |
_aAlien invasion _vFiction |
||
| 942 |
_2ddc _cBK _n0 |
||
| 999 |
_c9741 _d9741 |
||